Music Quiz

Random Music or Clickable Quiz
Score 0/20 Timer 03:00
7 Plays Today
Question Answer Wrong Answers
_____ Pie
Don McLean (1971)
American
93.8%
Big
0.5%
Crying
0.2%
Dog
0.2%
Hound _____
Elvis Presley (1956)
Dog
93.5%
American
0.4%
Big
0.5%
Crying
0.3%
_____ In The Rain
The Everly Brothers (1962)
Crying
92.8%
American
0.6%
Big
0.3%
Dog
1.1%
_____ Girls Don't Cry
Fergie (2007)
Big
92.7%
American
1.6%
Crying
0.3%
Dog
0.2%
_____ Shot
Billy Joel (1979)
Big
92%
American
1.6%
Crying
0.4%
Dog
0.6%
Walking The _____
Rufus Thomas (1963)
Dog
91.9%
American
1.4%
Big
1.1%
Crying
0.3%
Mr. _____ Stuff
Jean Knight (1971)
Big
90.8%
American
2.7%
Crying
0.4%
Dog
0.8%
_____ Yellow Taxi
Joni Mitchell (1970)
Big
90.3%
American
4.1%
Crying
0.1%
Dog
0.2%
Black _____
Led Zeppelin (1971)
Dog
90.2%
American
3.8%
Big
0.5%
Crying
0.2%
Who's _____ Now
Journey (1981)
Crying
89.3%
American
0.8%
Big
4.1%
Dog
0.3%
_____ In The Chapel
Elvis Presley (1965)
Crying
87.9%
American
1.7%
Big
0.6%
Dog
4.5%
_____ Woman
The Guess Who (1969)
American
87.4%
Big
3.4%
Crying
3.7%
Dog
0.2%
_____ Idiot
Green Day (2004)
American
86.6%
Big
6.8%
Crying
1.2%
Dog
0.1%
_____ & Butterfly
Heart (1979)
Dog
85.2%
American
2.7%
Big
4.9%
Crying
1.5%
Somebody's _____
Chris Isaak (1995)
Crying
83.9%
American
0.7%
Big
0.7%
Dog
9.2%
_____ Girl
Tom Petty and the Heartbreakers (1977)
American
80.7%
Big
9.7%
Crying
4%
Dog
0.2%
The _____ Game
Boy George (1992)
Crying
74.1%
American
5.8%
Big
14%
Dog
0.9%
_____ Time
Peter Gabriel (1986)
Big
68.1%
American
3.4%
Crying
21.2%
Dog
2%
_____ Days Are Over
Florence + the Machine (2008)
Dog
65%
American
2%
Big
3.1%
Crying
24.6%
_____ Tune
Paul Simon (1973)
American
61.3%
Big
17.9%
Crying
12.8%
Dog
2.4%
Remove Ads.
Support Sporcle.
Get the best of Sporcle when you Go Orange. This ad-free experience offers more features, more stats, and more fun while also helping to support Sporcle. Thank you for becoming a member.

You're not logged in!

Compare scores with friends on all Sporcle quizzes.
OR
Log In

Show Comments

Extras

Top Quizzes Today


Score Distribution

Your Account Isn't Verified!

In order to create a playlist on Sporcle, you need to verify the email address you used during registration. Go to your Sporcle Settings to finish the process.

Report this User

Report this user for behavior that violates our Community Guidelines.

Details: